LIBRARY & INFORMATION CENTRE, KCAET, TAVANUR

ONLINE PUBLIC ACCESS CATALOGUE (OPAC)

Performance requirements for adhesives for structural laminated wood products for use under exterier , exposure conditions,IS:9188-1979 / (Record no. 4430)

MARC details
000 -LEADER
fixed length control field 01050cam a2200169ua 4500
041 ## - LANGUAGE CODE
Language code of text/sound track or separate title eng
082 ## - DEWEY DECIMAL CLASSIFICATION NUMBER
Classification number 691.116
Item number IND/PE
245 ## - TITLE STATEMENT
Title Performance requirements for adhesives for structural laminated wood products for use under exterier , exposure conditions,IS:9188-1979 /
260 ## - PUBLICATION, DISTRIBUTION, ETC. (IMPRINT)
Place of publication New Delhi :
Name of publisher Indian Standards Institution ,
Year of publication 1980.
300 ## - PHYSICAL DESCRIPTION
Number of Pages 14 ; .
942 ## - ADDED ENTRY ELEMENTS (KOHA)
Koha item type Books
Holdings
Withdrawn status Lost status Damaged status Home library Current library Date acquired Full call number Accession Number Koha item type
      KAUAET   07/04/2012 691.116 17277 Books
free website counter